000 00534nam a2200193 a 4500
001 1766046743647
003 YourLibrary
005 20251222113204.0
008 251218s2009##################000#0#eng##
020 _a9780521871860
082 0 4 _a230.2
_bKER
100 1 _aKer, Ian,
_eauthor.
245 1 0 _aThe Cambridge Companion to John Henry Newman :
260 _bCambridge University Press,
_c2009.
300 _a299 pages
650 0 _aBiography & Autobiography.
942 _cENGLISH
040 _aYourLibrary
_beng
_cYourLibrary
999 _c603907
_d603907